| 000 | 00744nam a2200205 a 4500 | ||
|---|---|---|---|
| 005 | 20140412111310.0 | ||
| 008 | 030416s19uu xx 00 eng d | ||
| 020 | _a0-448-41132-6 | ||
| 050 |
_aER _bPi57 1996 |
||
| 100 | _aDubowski, Cathy East | ||
| 245 |
_aPirate school / _cby Cathy East Duboswki and Mark Dubowski. |
||
| 260 |
_aNew York : _bGrosset & Dunlap, _c1996. |
||
| 300 | _a48 p. ; ill. | ||
| 440 | _aAll Aboard Reading, Level 2 | ||
| 520 | _aAt Pirate School, Pete learns to act like a pirate and fight it out, but when he and a classmate find the treasure at the same time, pirate rules don't seem work. | ||
| 650 | _aPirates--Fiction | ||
| 650 | _aSchools--Fiction | ||
| 650 | _aTreasure hunts--Fiction | ||
| 999 |
_c103937 _d103937 |
||